[Event "Campeonato de Aragón por Equipos 2008 "]
[Site "Aragón"]
[Date "2008.02.23"]
[Round "4.23"]
[White "Gayan Miguel Angel"]
[Black "Fabre Perez Jose Maria"]
[Result "0-1"]
[WhiteElo "1910"]
[BlackElo "2081"]

1.d4 e6 2.Nf3 Nf6 3.Bg5 c5 4.c3 Qb6 5.Qb3 Nc6 6.Qxb6 axb6 7.Nbd2 cxd4 8.Nxd4
Nxd4 9.cxd4 Bb4 10.Bxf6 gxf6 11.e3 d5 12.Bb5+ Ke7 13.Ke2 Rg8 14.g3 e5 15.a3
Bd6 16.Nb3 h5 17.h4 Bf5 18.Rhc1 Rac8 19.Kd2 Bd7 20.Bxd7 Kxd7 21.Rxc8 Rxc8 22.
Rc1 Rc4 23.Rc3 Ke6 24.Kd3 Rc6 25.Rxc6 bxc6 26.e4 dxe4+ 27.Kxe4 f5+ 28.Kd3 f6
29.dxe5 fxe5 30.Nd2 Kd5 31.Nb3 e4+ 32.Ke3 Be5 33.a4 Bxb2 34.Kf4 c5 35.a5 bxa5
36.Nxa5 Bd4 37.Kxf5 Bxf2 38.g4 e3 39.g5 e2 40.g6 e1=Q 41.g7 Qe6+ 0-1

[Event "Campeonato de Aragón por Equipos 2008 "]
[Site "Aragón"]
[Date "2008.02.23"]
[Round "4.24"]
[White "Ruiperez Ramon"]
[Black "Gimeno Diaz Fernando"]
[Result "1-0"]
[WhiteElo "1770"]
[BlackElo "1909"]

1.e4 c5 2.Nf3 d6 3.d4 cxd4 4.Nxd4 Nf6 5.Nc3 a6 6.Be3 e6 7.f3 Be7 8.Qd2 O-O 9.
g4 Nc6 10.O-O-O Nxd4 11.Bxd4 b5 12.Kb1 b4 13.Na4 Rb8 (13...e5 14.Bb6 Qe8 15.
Qxb4 d5 (15...Bd7) 16.Bc5 Bxc5 17.Nxc5 dxe4 18.g5) 14.Bxf6 gxf6 15.Bc4 Qa5 16.
b3 Bd7 17.Nb2 Bc6 (17...Rfc8 18.h4 Rc7 19.Qh6 Rbc8 20.g5 Bf8 21.Qxf6 Bg7 22.
Qf4 Bb5) 18.h4 Rfd8 19.Qh6 d5 $2 (19...Bf8 20.Qxf6 Bg7) 20.exd5 Bxd5 21.Bd3 f5
22.gxf5 Bf8 23.Rhg1+ Kh8 24.Qf6+ 1-0

[Event "Campeonato de Aragón por Equipos 2008 "]
[Site "Aragón"]
[Date "2008.02.23"]
[Round "4.25"]
[White "Romon Poves Raul"]
[Black "Guetas Sanchez Hugo"]
[Result "1-0"]
[WhiteElo "2207"]
[BlackElo "2159"]

1.e4 d5 2.exd5 Nf6 3.Nf3 Qxd5 4.Nc3 Qa5 5.d4 Ne4 6.Bd2 Nxd2 7.Qxd2 e6 8.Bd3
Bb4 9.O-O Nd7 10.Rfe1 O-O 11.Ne5 Nf6 12.Re3 Rd8 13.Rg3 g6 14.Qf4 Be7 15.Ne4
Kg7 16.Nxf6 Bxf6 17.Rf3 Bxe5 18.Qxf7+ 1-0

[Event "Campeonato de Aragón por Equipos 2008 "]
[Site "Aragón"]
[Date "2008.02.23"]
[Round "4.26"]
[White "Sig Vargas Marcos"]
[Black "Vera Jimenez Andres"]
[Result "1-0"]
[WhiteElo "2101"]
[BlackElo "2035"]

1.e4 c5 2.Nf3 e6 3.c3 d5 4.e5 Nc6 5.Be2 Bd7 6.O-O Nge7 7.Na3 Nf5 8.Nc2 Be7 9.
Ne3 Nxe3 10.fxe3 O-O 11.d4 f6 12.exf6 Bxf6 13.Bd3 Qe7 14.Bd2 e5 15.e4 dxe4 16.
dxe5 Nxe5 17.Bxe4 Rad8 18.Qc2 g6 19.Rae1 Qg7 20.Ng5 Rde8 21.Qc1 Bb5 22.Bd5+
Kh8 23.Ne6 Rxe6 24.Bxe6 Re8 25.Bh6 Qe7 26.Rxf6 Qxf6 27.Bd5 Ng4 28.Rxe8+ Bxe8
29.Bf4 b6 30.h3 Qf5 31.c4 Nf6 32.Qe3 Bd7 33.Be5 Kg7 34.Qc3 Be6 35.Bxf6+ Qxf6
36.Bxe6 1-0

[Event "Campeonato de Aragón por Equipos 2008 "]
[Site "Aragón"]
[Date "2008.02.23"]
[Round "4.27"]
[White "Sierra Aguerri Joaquin"]
[Black "Escuer Sanchez Nestor"]
[Result "0-1"]
[WhiteElo "2010"]
[BlackElo "2084"]

1.e4 e6 2.Nf3 d5 3.Nc3 c5 4.e5 Nc6 5.Bb5 Qb6 6.a4 Bd7 7.b3 Nge7 8.h4 a6 9.a5
Qc7 10.Bxc6 Nxc6 11.Qe2 Nxa5 12.O-O c4 13.Rb1 Be7 14.Nd4 cxb3 15.cxb3 Nc6 16.
Nxc6 Bxc6 17.d4 h5 18.f4 g6 19.Bb2 Bxh4 20.Ba3 Be7 21.Bxe7 Qxe7 22.b4 O-O 23.
b5 axb5 24.Nxb5 Bxb5 25.Rxb5 Ra4 26.Qb2 Ra7 27.f5 exf5 28.Rxd5 Rfa8 29.Qf2 Ra2
30.Qg3 h4 31.Qh3 Rd2 32.Kh2 Raa2 33.Rg1 Rxd4 34.Rxd4 Qxe5+ 35.Kh1 Qxd4 36.Qf3
b5 37.Rd1 Ra1 38.Qa8+ Rxa8 39.Rxd4 Rb8 40.Rb4 0-1

[Event "Campeonato de Aragón por Equipos 2008 "]
[Site "Aragón"]
[Date "2008.02.23"]
[Round "4.28"]
[White "Sig Vargas Pablo"]
[Black "Ruiz Gutierrez Manuel"]
[Result "1-0"]
[WhiteElo "1896"]
[BlackElo "1899"]

1.e4 c5 2.Nc3 e6 3.f4 g6 4.Nf3 Bg7 5.d3 Ne7 6.Be3 b6 7.Be2 Bb7 8.d4 cxd4 9.
Bxd4 Bxd4 10.Qxd4 O-O 11.O-O-O d5 12.Qf6 Nd7 13.Qh4 Re8 14.Ng5 Nf8 15.Rd3 Nc6
16.Rh3 Nd4 17.Qh6 Nxe2+ 18.Nxe2 Qf6 19.Nxh7 Nxh7 20.Qxh7+ Kf8 21.Qh8+ Ke7 22.
Qxf6+ Kxf6 23.e5+ Kg7 24.Nd4 Re7 25.Rd1 Rc8 26.b3 a6 27.Rdd3 Rec7 28.Kd2 a5
29.Rc3 Rc5 30.a4 Ba6 31.Rxc5 bxc5 32.Nb5 Bxb5 33.axb5 Rb8 34.c4 f6 35.Rf3 d4
36.Kc2 Ra8 37.Kb2 a4 38.bxa4 Rxa4 39.b6 Rb4+ 40.Rb3 d3 41.Rxb4 1-0

[Event "Campeonato de Aragón por Equipos 2008 "]
[Site "Aragón"]
[Date "2008.02.23"]
[Round "4.29"]
[White "Delgado Salcedo Eduardo"]
[Black "Ramiro Ovejero Juan Luis"]
[Result "1/2-1/2"]
[WhiteElo "2250"]
[BlackElo "2330"]

1.c4 e5 2.Nc3 Nf6 3.g3 Bb4 4.Bg2 Bxc3 5.bxc3 O-O 6.e4 c6 7.Ne2 d5 8.cxd5 cxd5
9.exd5 Nxd5 10.h3 Nc6 11.O-O Bf5 12.d4 exd4 13.cxd4 Re8 14.Kh2 Be4 15.Bb2 Qa5
16.Re1 Rac8 17.a3 Qb5 18.Bxe4 Rxe4 19.Nc3 Nxc3 20.Bxc3 Rxe1 21.Qxe1 Qd5 22.Qe3
Rd8 23.Rb1 b5 24.Re1 h5 25.Rd1 Ne5 26.dxe5 Qxd1 27.e6 Qd5 28.e7 Re8 29.Qxa7 h4
30.Bb4 hxg3+ 31.Kxg3 Qh1 32.Qd7 Qg1+ 33.Kf3 Qh1+ 34.Kg3 Qa8 35.Qxb5 Rb8 36.Qd7
Kh7 37.Qf5+ Kg8 38.Qd7 Kh7 39.Qf5+ Kg8 40.Qd7 Kh7 1/2-1/2

[Event "Campeonato de Aragón por Equipos 2008 "]
[Site "Aragón"]
[Date "2008.02.23"]
[Round "4.30"]
[White "Gil Capape MA"]
[Black "Sicilia Manuel"]
[Result "0-1"]
[WhiteElo "2185"]
[BlackElo "2144"]

1.d4 d6 2.Nf3 Bg4 3.Bf4 Nd7 4.Nbd2 g6 5.h3 Bxf3 6.Nxf3 Bg7 7.c3 e5 8.Bg5 f6 9.
Bh4 Nh6 10.Qb3 Nf5 11.e4 Nxh4 12.Nxh4 Nb6 13.a4 a5 14.Be2 exd4 15.cxd4 f5 16.
Rc1 c6 17.Qe6+ Qe7 18.Qxe7+ Kxe7 19.exf5 Bxd4 20.fxg6 Bxb2 21.Rc2 Bf6 22.Nf5+
Kd7 23.g7 Rhg8 24.O-O Nxa4 25.Rd1 Kc7 26.Rxd6 Bxg7 27.Re6 Bf8 28.Bb5 Nc5 29.
Ne7 Rxg2+ 30.Kxg2 Nxe6 31.Nd5+ Kd6 32.Nb6 Re8 33.Ba4 Nd4 34.Rd2 Kc5 35.Nd7+
Kc4 36.Nb6+ Kc3 37.Rd1 Ba3 38.Ra1 Bb2 39.Rb1 Nb5 40.Bd1 Re4 41.Na4+ Rxa4 42.
Bxa4 Na3 43.Re1 b5 44.Re3+ Kd2 45.Rb3 Nc4 46.Bxb5 cxb5 47.Rxb5 Kc3 48.Kf3 a4
49.Rb4 a3 50.Ra4 Kb3 51.Ra8 a2 52.Rxa2 Kxa2 53.Kf4 Bg7 54.Kf5 Ne5 55.f4 Ng6
56.Ke6 Bh6 57.f5 Nf8+ 58.Kf6 Kb3 59.Ke5 Kc4 60.h4 Kc5 0-1

[Event "Campeonato de Aragón por Equipos 2008 "]
[Site "Aragón"]
[Date "2008.02.23"]
[Round "4.31"]
[White "Valiente JL"]
[Black "Galvez Perez Jose Luis"]
[Result "0-1"]
[WhiteElo "2134"]
[BlackElo "2120"]

1.e4 d6 2.d4 Nf6 3.Nc3 g6 4.f4 Bg7 5.Nf3 O-O 6.Bd3 Na6 7.O-O c5 8.d5 Nc7 9.Qe1
e6 10.dxe6 fxe6 11.e5 Nh5 12.Ne4 d5 13.Nxc5 Nxf4 14.Qg3 Nxd3 15.Nxd3 Na6 16.
Bg5 Qb6+ 17.Kh1 Nc5 18.Be7 Ne4 19.Qh4 Rf7 20.Ng5 Nxg5 21.Qxg5 h6 22.Qh4 g5 23.
Qb4 Qxb4 24.Bxb4 Rc7 25.Rf2 Bd7 26.Bd6 Rc4 27.Raf1 Rac8 28.Rf7 Be8 29.Rxb7
Rxc2 30.Nc5 Bc6 31.Rxa7 d4 32.Rg1 Bd5 33.b4 h5 34.h3 g4 35.Kh2 Bh6 36.hxg4 Be3
37.Rf1 Rxg2+ 38.Kh3 hxg4+ 39.Kh4 Bf3 40.Rh1 g3 41.Nd7 Be4 42.Nf6+ Kh8 43.Kg4+
Rh2 44.Nxe4 Rg8+ 45.Kf3 Rxh1 46.Be7 Rf1+ 47.Ke2 g2 48.Bf6+ Rxf6 49.Nxf6 d3+
0-1

[Event "Campeonato de Aragón por Equipos 2008 "]
[Site "Aragón"]
[Date "2008.02.23"]
[Round "4.32"]
[White "Garcia Lopez Alberto J"]
[Black "Carruez Berges Santiago"]
[Result "0-1"]
[WhiteElo "1981"]
[BlackElo "2106"]

1.Nf3 Nf6 2.b3 g6 3.Bb2 Bg7 4.g3 O-O 5.Bg2 d6 6.c4 e5 7.d3 Nh5 8.e4 f5 9.O-O
Nc6 10.Nc3 f4 11.a3 g5 12.Nd2 g4 13.b4 Nd4 14.Nb3 f3 15.Bh1 c6 16.Nxd4 exd4
17.Nb1 Be5 18.Nd2 Qf6 19.a4 Nf4 20.h4 Ne2+ 0-1

[Event "Campeonato de Aragón por Equipos 2008 "]
[Site "Aragón"]
[Date "2008.02.23"]
[Round "4.33"]
[White "Lopez Guaita Fernando"]
[Black "Malo Guillen Jose Luis"]
[Result "1/2-1/2"]
[WhiteElo "2065"]
[BlackElo "2198"]

1.d4 Nf6 2.Nf3 g6 3.c4 Bg7 4.Nc3 O-O 5.e4 d6 6.Be2 e5 7.dxe5 dxe5 8.Qxd8 Rxd8
9.Bg5 Re8 10.O-O-O c6 11.Nxe5 Na6 12.f4 Nc5 13.Bf3 Be6 14.b3 Ncxe4 15.Nxe4
Nxe4 16.Bxe4 f6 17.Nxc6 fxg5 18.Nd4 Bg4 19.Bd5+ Kh8 20.Nf3 gxf4 21.Bxb7 Rab8
22.Rde1 Rxe1+ 23.Rxe1 Bc3 24.Re7 Bb4 25.Rf7 Be6 26.Rf6 Bxc4 27.Rxf4 Ba3+ 28.
Kc2 Bxb3+ 29.Kxb3 Be7 30.Rf7 Rxb7+ 31.Kc4 Kg8 32.Ne5 Rb4+ 33.Kc3 Rb7 34.Kc4
Rb4+ 1/2-1/2

[Event "Campeonato de Aragón por Equipos 2008 "]
[Site "Aragón"]
[Date "2008.02.23"]
[Round "4.34"]
[White "Alonso Blasco Jose Miguel"]
[Black "Rodes Apilluelo Jose Maria"]
[Result "0-1"]
[WhiteElo "2075"]
[BlackElo "2053"]

1.e4 c6 2.d4 d5 3.exd5 cxd5 4.Bd3 Nc6 5.c3 Nf6 6.Bf4 Bg4 7.Qb3 Qd7 8.Nd2 e6 9.
Ngf3 Bxf3 10.Nxf3 a6 11.O-O Nh5 12.Be3 Bd6 13.Rae1 O-O 14.Bb1 f5 15.Qc2 Nf6
16.Bg5 Ne4 17.Bc1 b5 18.a3 Rae8 19.Qe2 Qc7 20.Kh1 e5 21.Qd1 exd4 22.Nxd4 Nxd4
23.Qxd4 Kh8 24.Bxe4 dxe4 25.h3 Bc5 26.Qd5 Rd8 27.Qe6 Rf6 28.Qb3 Qb6 29.Bg5
Rfd6 30.Bxd8 Rxd8 31.Rd1 Rxd1 32.Qxd1 h6 33.Qd7 Qf6 34.Qc8+ Bf8 35.Rd1 Kh7 36.
Rd5 Kg6 37.Qe8+ Kh7 38.Kg1 Bd6 39.Qd7 Be7 40.Qxf5+ 0-1

[Event "Campeonato de Aragón por Equipos 2008 "]
[Site "Aragón"]
[Date "2008.02.23"]
[Round "4.35"]
[White "Bailo Remacha Santiago"]
[Black "Mombiela de Sus Jose Luis"]
[Result "1-0"]
[WhiteElo "2017"]
[BlackElo "2068"]

1.b3 b6 2.Nf3 Bb7 3.g3 e5 4.Bg2 e4 5.Ne5 d6 6.Nc4 d5 7.Ne5 Bd6 8.Bb2 Qe7 9.f4
Nh6 10.e3 f6 11.Qh5+ Kd8 12.Ng4 Nf7 13.Nc3 c6 14.Ne2 Nd7 15.Nd4 g6 16.Qh4 f5
17.Ne6+ Ke8 18.Ng7+ Kd8 19.Nf6 Kc7 20.Rc1 Rad8 21.Kf2 Kb8 22.Nxd7+ Qxd7 23.Qf6
Bc8 24.c4 dxc4 25.Rxc4 Be7 26.Qd4 Rhg8 27.Rhc1 c5 28.Qxd7 Rxd7 29.R4c2 Rd6 30.
b4 Rgd8 31.bxc5 Rxd2+ 32.Ke1 Rxc2 33.Rxc2 Bxc5 34.Bf1 Nd6 35.Be5 Kb7 36.Kf2
Nf7 37.Bf6 Rf8 38.Bc4 Nd6 39.Bd5+ Ka6 40.Be7 Rh8 41.Rxc5 bxc5 42.Bxd6 Rd8 43.
Bc4+ Kb6 44.Be5 Ba6 45.Bxa6 Kxa6 46.Ne6 Rd2+ 47.Kg1 Kb5 48.a4+ Kb4 49.a5 c4
50.Kf1 c3 51.Ke1 Rd3 52.Nd4 c2 53.Nxc2+ Kxa5 54.Ke2 Ka4 55.h3 a5 56.g4 Kb3 57.
Nd4+ Kc4 58.gxf5 gxf5 59.Nxf5 a4 60.Ne7 a3 61.f5 a2 62.f6 Rc3 63.Bxc3 Kxc3 64.
f7 a1=Q 65.f8=Q Qa2+ 66.Kf1 Qb1+ 67.Kg2 Qc2+ 68.Qf2 Qd1 69.Qf6+ Kd3 70.Qf1+
Qxf1+ 71.Kxf1 Kxe3 72.Kg2 Kf4 73.Nd5+ Ke5 74.Ne3 Kd4 75.Kf2 Kd3 76.Nf5 Kd2 77.
h4 Kd3 78.Ne3 Kd2 79.Nf1+ Kd3 80.Ke1 e3 81.Ng3 e2 82.Nxe2 Ke3 83.Ng1 Kf4 84.
Kf2 Kg4 85.Nf3 Kh3 86.Ke3 Kg4 87.Ke4 h6 88.Ke3 Kf5 89.Kf2 Kf4 90.Nh2 Kf5 91.
Kf3 h5 92.Nf1 1-0

[Event "Campeonato de Aragón por Equipos 2008 "]
[Site "Aragón"]
[Date "2008.02.23"]
[Round "4.36"]
[White "Tirapo Larcuen Ana"]
[Black "De la Riva Fernandez Eduardo"]
[Result "1/2-1/2"]
[WhiteElo "1883"]
[BlackElo "1990"]

1.e4 e6 2.d3 d5 3.Nd2 c5 4.Ngf3 Nc6 5.g3 Nf6 6.Bg2 dxe4 7.dxe4 e5 8.O-O Be7 9.
c3 O-O 10.Qe2 Qc7 11.a4 a6 12.Nc4 Rb8 13.Nh4 b5 14.axb5 axb5 15.Ne3 c4 16.Nef5
Re8 17.Nxe7+ Qxe7 18.h3 Qc7 19.Be3 Ne7 20.Nf5 Nd7 21.Ra7 Rb7 22.Rfa1 Nc5 23.
Bxc5 Qxc5 24.Ra8 Rd7 25.Qg4 Nxf5 26.exf5 f6 27.Rd1 Rd6 28.Rxd6 Qxd6 29.Qe4 Bd7
30.Rxe8+ Bxe8 31.Qd5+ Qxd5 32.Bxd5+ Kf8 33.Kf1 Ke7 34.Ke2 Kd6 35.Bg8 h6 36.Ke3
Kc5 37.b4+ cxb3 38.Bxb3 Bc6 39.f3 Bd5 40.Bd1 Bc6 41.Bb3 Bd5 42.Bd1 Ba2 43.Bc2
Bd5 44.Bd3 Bc6 45.Bc2 Kc4 46.Kd2 Bxf3 47.Bd3+ Kc5 48.Ke3 Bd5 49.h4 Bc6 50.Bf1
Be8 51.g4 Bd7 52.Bd3 Bc6 53.Bf1 Bd5 54.Bd3 Bb3 55.Kd2 Bc4 56.Bc2 Bf1 57.Ke3
Kc4 58.Kd2 Bh3 59.Bd3+ Kc5 60.Be2 h5 61.g5 fxg5 62.hxg5 h4 63.f6 gxf6 64.gxf6
Be6 65.Bg4 Kd6 66.Bf3 h3 67.Ke3 Bf5 68.f7 Ke7 69.Bd5 h2 70.Kf2 e4 71.Kg2 h1=Q+
72.Kxh1 e3 73.Kg2 1/2-1/2

[Event "Campeonato de Aragón por Equipos 2008 "]
[Site "Aragón"]
[Date "2008.02.23"]
[Round "4.37"]
[White "Cantin Zaborras Valentin"]
[Black "Lasanta Rica Cesar"]
[Result "1/2-1/2"]
[WhiteElo "2141"]
[BlackElo "2284"]

1.e4 d6 2.d4 Nf6 3.Nc3 g6 4.Bc4 Bg7 5.Qe2 Nc6 6.Be3 O-O 7.Nf3 Bg4 8.h3 Bxf3 9.
Qxf3 e5 10.d5 Nd4 11.Qd1 c5 12.dxc6 bxc6 13.O-O d5 14.Bd3 Ne6 15.Bd2 Nh5 16.
Re1 Nhf4 17.Bf1 Nc5 18.Bxf4 exf4 19.exd5 Bxc3 20.bxc3 cxd5 21.Re5 Qf6 22.Rxd5
Rad8 23.Qd4 Qxd4 24.Rxd4 Ne6 25.Rdd1 Rc8 26.Rd7 Rxc3 27.Rxa7 Rxc2 28.a4 Rd8
29.a5 Rdd2 30.a6 Rxf2 31.Rb7 Ra2 32.Rc1 Rxf1+ 33.Kxf1 Rxa6 34.Rd1 Ra5 35.Rdb1
Rf5 36.Rb8+ Kg7 37.Kf2 Rg5 38.R1b4 Rf5 39.Rc8 g5 40.Rc3 h5 41.Ra3 g4 42.hxg4
hxg4 43.g3 Kg6 1/2-1/2

[Event "Campeonato de Aragón por Equipos 2008 "]
[Site "Aragón"]
[Date "2008.02.23"]
[Round "4.38"]
[White "Glaria Murillo Christian"]
[Black "Valiente Roy Jose Javier"]
[Result "0-1"]
[WhiteElo "2195"]
[BlackElo "2109"]

1.e4 c6 2.d4 d5 3.exd5 cxd5 4.Bd3 Nc6 5.c3 Nf6 6.Bf4 g6 7.Nf3 Bg7 8.h3 O-O 9.
O-O Bf5 10.Re1 e6 11.Ne5 Nxe5 12.dxe5 Nd7 13.Bxf5 gxf5 14.Nd2 Nc5 15.Nb3 Nxb3
16.axb3 a5 17.Qd4 b5 18.Qe3 Kh8 19.Kh2 Rg8 20.Rad1 Qc7 21.Rd4 Bf8 22.Bg5 Rg6
23.Rh4 Bc5 24.Qf4 Rag8 25.Rh5 f6 26.Bh4 fxe5 0-1

[Event "Campeonato de Aragón por Equipos 2008 "]
[Site "Aragón"]
[Date "2008.02.23"]
[Round "4.39"]
[White "Martin Barbero Roberto"]
[Black "Garcia Ramon Ricardo1"]
[Result "1-0"]
[WhiteElo "1963"]
[BlackElo "2118"]

1.d4 Nf6 2.Nf3 e6 3.g3 d5 4.Bg2 Be7 5.O-O O-O 6.Ne5 Nbd7 7.Nd2 c5 8.c3 Nxe5 9.
dxe5 Nd7 10.f4 b6 11.Kh1 Qc7 12.e4 Ba6 13.Re1 d4 14.Qa4 Qb7 15.cxd4 b5 16.Qd1
cxd4 17.Nb3 Rfd8 18.Qxd4 Nb6 19.Qg1 Rac8 20.Be3 Rc2 21.Bxb6 axb6 22.Red1 Rxd1
23.Qxd1 Rxb2 24.Qd4 Re2 25.Bf3 Rc2 26.Rd1 Rc7 27.Qd8+ Bf8 28.Qe8 Re7 29.Qd8
Rc7 30.Rd2 b4 31.Kg2 Bb5 32.f5 Rd7 33.Rxd7 Qxd7 34.Qxb6 Qd3 35.Qf2 exf5 36.
exf5 Qxf5 37.Bd5 Qd7 38.Qf3 Ba4 39.Nd4 Bd1 40.Qe4 Qg4 41.Qf4 Qxf4 42.gxf4 Be7
43.Kf2 Kf8 44.Ke3 g6 45.Kd3 Bh4 46.Nc6 Be1 47.Nd8 Ke7 48.Nxf7 Bf3 49.Bb3 Kf8
50.Ng5 Bg4 51.Nxh7+ Kg7 52.Nf6 Bf5+ 53.Ne4 Bh4 54.Ke3 Be7 55.Nd6 Bd7 56.Kd4 g5
57.f5 Bxd6 58.exd6 Bxf5 59.Ke5 1-0

[Event "Campeonato de Aragón por Equipos 2008 "]
[Site "Aragón"]
[Date "2008.02.23"]
[Round "4.40"]
[White "Martinez Cebolla Alberto"]
[Black "Navarro Castan Jesus"]
[Result "1-0"]
[WhiteElo "2023"]
[BlackElo "1888"]

1.e4 c5 2.Nf3 e6 3.c3 Nc6 4.d4 Qc7 5.Bb5 a6 6.Ba4 b5 7.Bb3 d6 8.O-O Nf6 9.Re1
Be7 10.Nbd2 O-O 11.Nf1 Na5 12.Bc2 e5 13.b3 Bg4 14.d5 c4 15.b4 Nb7 16.Be3 a5
17.a3 Ra6 18.h3 Bh5 19.Ng3 Bg6 20.Nf5 Rfa8 21.Rc1 axb4 22.axb4 Bf8 23.g4 Ra3
24.Bb1 Nd7 25.h4 h5 26.Ng5 hxg4 27.Qxg4 Nf6 28.Qg2 Ra1 29.Kh1 Qd7 30.Rg1 R8a3
31.Nxf7 Qxf7 32.Qxg6 Qxg6 33.Rxg6 Kf7 34.Rgg1 g6 35.Nh6+ Bxh6 36.Bxh6 Ng8 37.
Bg5 Nf6 38.Bd2 Nd8 39.Rg3 Rb3 40.Bc2 Rba3 41.Kg2 R3a2 42.Rxa1 Rxa1 43.Bg5 Ra2
44.Bb1 Ra1 45.Rf3 Rxb1 46.Rxf6+ Kg7 47.Rxd6 Nf7 48.Rf6 Rb3 49.Rf3 Nd6 50.Bf6+
Kh6 51.Bxe5 Nxe4 52.d6 Rb1 53.d7 Rd1 54.Bd4 1-0

[Event "Campeonato de Aragón por Equipos 2008 "]
[Site "Aragón"]
[Date "2008.02.23"]
[Round "4.41"]
[White "Palacios Latasa Elias"]
[Black "Garcia Andres Daniel"]
[Result "0-1"]
[WhiteElo "2198"]
[BlackElo "2017"]

1.e4 e5 2.Nf3 Nc6 3.d4 exd4 4.Bc4 Nf6 5.Ng5 Ne5 6.Bb3 h6 7.f4 hxg5 8.fxe5 Nxe4
9.Bd5 Nc5 10.O-O Ne6 11.Bxe6 dxe6 12.Qf3 f5 13.exf6 Qxf6 14.Qe4 Qh6 15.h3 Be7
16.Nd2 Qh7 17.Qxd4 Bd7 18.Nf3 Qxc2 19.Qxg7 Bc5+ 20.Kh1 O-O-O 21.Bxg5 Rdg8 22.
Qf6 Qf5 23.Qxf5 exf5 24.Bf4 Bc6 25.Kh2 Rh7 26.Rac1 Bb6 27.Ng5 Re7 28.Rfe1 Reg7
29.Re5 Rxg5 30.Bxg5 Rxg5 31.g4 Be4 32.Rd1 Rg8 33.g5 Be3 34.Rxe4 fxe4 35.h4 Bf2
36.Kh3 e3 37.Kg4 e2 38.Rh1 e1=Q 39.Rxe1 Bxe1 40.h5 Bd2 41.g6 Kd7 42.Kf5 Bh6
0-1

[Event "Campeonato de Aragón por Equipos 2008 "]
[Site "Aragón"]
[Date "2008.02.23"]
[Round "4.42"]
[White "Pellicer  Emilio"]
[Black "Veras Sanz Marino"]
[Result "0-1"]
[WhiteElo "1819"]
[BlackElo "2063"]

1.Nf3 d6 2.d4 g6 3.Bf4 Bg7 4.e3 c5 5.c3 Nc6 6.Nbd2 Nf6 7.h3 Be6 8.Bd3 Rc8 9.
Qe2 Qb6 10.Nc4 Bxc4 11.Bxc4 O-O 12.d5 Na5 13.O-O Qc7 14.e4 Nxc4 15.Qxc4 b5 16.
Qe2 Nd7 17.Rad1 Qa5 18.h4 b4 19.c4 Qxa2 20.Rd2 Nb6 21.Rc1 a5 22.Qd3 a4 23.Qe2
a3 24.bxa3 Qxa3 25.Ra2 Qb3 26.e5 Na4 27.Qd2 Nc3 28.Ra7 Qxc4 29.exd6 exd6 30.
Bxd6 Ne2+ 31.Kh2 Nxc1 32.Ne5 Qxh4+ 33.Kg1 Nb3 34.Qa2 Qe4 35.Bxf8 Qe1+ 36.Kh2
Bxe5+ 37.g3 Rxf8 38.Qxb3 Qxf2+ 39.Kh3 c4 0-1

[Event "Campeonato de Aragón por Equipos 2008 "]
[Site "Aragón"]
[Date "2008.02.23"]
[Round "4.43"]
[White "Sarto Ramos Angel"]
[Black "Lafarga Bueno Daniel"]
[Result "0-1"]
[WhiteElo "2058"]
[BlackElo "1816"]

1.d4 Nf6 2.Nf3 d5 3.Nbd2 e6 4.e3 Be7 5.Bd3 O-O 6.O-O b6 7.Ne5 Bb7 8.f4 c5 9.c3
Nbd7 10.Qf3 Ne8 11.Qh3 Ndf6 12.f5 exf5 13.Bxf5 Nd6 14.Bc2 Nde4 15.Qf3 Qe8 16.
a4 Bd6 17.Ng4 Nxg4 18.Qxg4 Bc8 19.Qh5 f5 20.Qxe8 Rxe8 21.Nxe4 fxe4 22.Bd2 Be6
23.Be1 Rec8 24.Bb3 a5 25.Bd1 Rc7 26.Be2 cxd4 27.exd4 Rf7 28.Bh4 Raf8 29.Rxf7
Rxf7 30.Rf1 Rxf1+ 31.Kxf1 Bd7 32.Bd8 Bxa4 33.Bxb6 Bf4 34.Bxa5 Bb3 35.Bb4 Bxh2
36.Kf2 Bf4 37.g3 Bc1 38.Ba3 Kf7 39.Ke1 Kf6 40.Bd1 Bc4 41.Bc2 e3 42.b3 Bd2+ 43.
Kd1 Bf1 44.Bc1 Bxc1 45.Kxc1 Be2 46.Bxh7 Kg5 47.Bg8 Kg4 48.Bxd5 Kxg3 49.c4 Kf2
50.c5 Ba6 51.Bc4 Bxc4 52.bxc4 e2 53.Kc2 e1=Q 54.Kb3 Qe3+ 0-1

[Event "Campeonato de Aragón por Equipos 2008 "]
[Site "Aragón"]
[Date "2008.02.23"]
[Round "4.44"]
[White "Diaz Gordo Enrique"]
[Black "Hernandez Gabriel"]
[Result "0-1"]
[WhiteElo "1500"]
[BlackElo "2041"]

1.e4 c5 2.Nf3 d6 3.d4 cxd4 4.Nxd4 Nf6 5.Nc3 g6 6.f3 Bg7 7.Be3 O-O 8.Qd2 Nc6 9.
O-O-O Bd7 10.Bh6 Nxd4 11.Bxg7 Nxf3 12.gxf3 Kxg7 13.f4 Bg4 14.Be2 Bxe2 15.Qxe2
Qa5 16.Rhg1 Rac8 17.Qb5 Qxb5 18.Nxb5 Nxe4 19.Rd4 f5 20.Nxa7 Rc5 21.Rb4 Ra8 22.
Ra4 Kf6 23.Rd1 e5 24.Rf1 b5 25.Ra5 exf4 26.Rxf4 g5 27.Rf3 b4 28.Ra6 Rc7 29.Nb5
Rxa6 30.Nxc7 Rxa2 31.Ne8+ Ke5 32.Ng7 Ra1# 0-1

[Event "Campeonato de Aragón por Equipos 2008 "]
[Site "Aragón"]
[Date "2008.02.23"]
[Round "4.45"]
[White "Horton Justin"]
[Black "Gavin Roche Enrique"]
[Result "0-1"]
[WhiteElo "2147"]
[BlackElo "2278"]

1.Nf3 d5 2.d4 Nf6 3.c4 e6 4.Bg5 Nbd7 5.Nc3 c6 6.e3 Qa5 7.Nd2 Bb4 8.Qc2 O-O 9.
Be2 Re8 10.O-O e5 11.dxe5 Bxc3 12.bxc3 Ne4 13.Nxe4 dxe4 14.f4 exf3 15.Bd3 h6
16.Bh4 Nxe5 17.Bh7+ Kh8 18.Be4 fxg2 19.Bxg2 Qc5 20.Bg3 Be6 21.Qe4 Nxc4 0-1

[Event "Campeonato de Aragón por Equipos 2008 "]
[Site "Aragón"]
[Date "2008.02.23"]
[Round "4.46"]
[White "Ferrer  Francisco Javier"]
[Black "Abos Rosico Antonio"]
[Result "0-1"]
[WhiteElo "1997"]
[BlackElo "2043"]

1.d4 d5 2.c4 c6 3.Nf3 Nf6 4.Nc3 g6 5.e3 Bg7 6.Bd3 dxc4 7.Bxc4 b5 8.Bd3 Be6 9.
O-O O-O 10.b3 Nbd7 11.Bb2 a6 12.Qe2 c5 13.Ne4 Rc8 14.dxc5 Nxe4 15.Bxg7 Kxg7
16.Bxe4 Nxc5 17.Rad1 Qb6 18.Bb1 Rfd8 19.Qb2+ Kg8 20.Rd4 Bd5 21.Rfd1 Bxf3 22.
gxf3 Ne6 23.Rxd8+ Rxd8 24.Rxd8+ Qxd8 25.Qe2 Qd6 26.Qc2 Kg7 27.Kg2 b4 28.Qc4
Nc7 29.Bd3 f6 30.Be4 Nb5 31.Bb7 Nc3 32.Bxa6 Nxa2 33.Bb5 Nc3 34.Be8 Nd5 35.Bc6
Nc3 36.Be8 Nd1 37.Qf7+ Kh6 38.f4 Qd2 39.Qf8+ Kh5 40.Bxg6+ Kxg6 41.Qg8+ Kf5 42.
Qxh7+ Ke6 43.Qe4+ Kd6 44.Qf3 Nc3 45.e4 Qe2 46.e5+ fxe5 47.fxe5+ Qxe5 48.Qf8
Qd5+ 49.Kh3 Qxb3 50.Qd8+ Kc6 51.Qc8+ Kb5 52.Qd7+ Kc4 53.Qc6+ Kd3 54.Qg6+ Kd2
55.f4 Ne2+ 56.Kh4 Qc4 0-1

[Event "Campeonato de Aragón por Equipos 2008 "]
[Site "Aragón"]
[Date "2008.02.23"]
[Round "4.47"]
[White "Gonzalez Gambau Jorge"]
[Black "Navarro Sancho Rafael"]
[Result "1-0"]
[WhiteElo "2039"]
[BlackElo "1963"]

1.e4 c5 2.Nc3 Nc6 3.g3 g6 4.Bg2 Bg7 5.d3 e6 6.Be3 d6 7.Qd2 Nge7 8.Nf3 Nd4 9.
O-O O-O 10.Bh6 Rb8 11.Bxg7 Kxg7 12.Nh4 f5 13.f4 b5 14.Nd1 Bb7 15.c3 Ndc6 16.
Ne3 d5 17.exd5 exd5 18.d4 cxd4 19.cxd4 Qb6 20.Nf3 Rbd8 21.Kh1 Rfe8 22.Nc2 a5
23.Rfe1 Ng8 24.Ng5 Nb8 25.Rxe8 Rxe8 26.Re1 Rxe1+ 27.Qxe1 Qd6 28.Qe8 Qe7 29.
Qxb8 h6 30.Ne6+ Qxe6 31.Qxb7+ Ne7 32.Qc7 Kf7 33.h3 a4 34.Kh2 g5 35.Nb4 Kg6 36.
Qe5 Kf7 37.Bxd5 Nxd5 38.Qxd5 gxf4 39.gxf4 Kf6 40.Qe5+ Kf7 41.Qxe6+ Kxe6 42.Kg3
1-0

[Event "Campeonato de Aragón por Equipos 2008 "]
[Site "Aragón"]
[Date "2008.02.23"]
[Round "4.48"]
[White "Salvador Monge  Tomas"]
[Black "Perez Puyal Jose J"]
[Result "0-1"]
[WhiteElo "1944"]
[BlackElo "1888"]

1.d4 Nf6 2.c4 e6 3.Nc3 h6 4.Nf3 Bb4 5.Bd2 b6 6.a3 Bxc3 7.Bxc3 Bb7 8.e3 O-O 9.
b4 d6 10.Bd3 Nbd7 11.O-O Ne4 12.Bb2 f5 13.Qc2 Qe8 14.Rad1 Qg6 15.Nh4 Qg5 16.g3
Qd8 17.Ng6 Ng5 18.d5 exd5 19.f3 Qe8 20.Rde1 Qxg6 21.cxd5 Qf7 22.h4 Nh7 23.g4
Nhf6 24.Bxf5 Bxd5 25.Qxc7 Ne5 26.Qxd6 Nc4 27.Qh2 Nxb2 28.Qxb2 Be6 29.e4 Bc4
30.Rf2 g6 31.g5 gxf5 32.gxf6 Qxf6 33.e5 Qxh4 34.e6 Kh7 35.e7 Rg8+ 36.Rg2 0-1

[Event "Campeonato de Aragón por Equipos 2008 "]
[Site "Aragón"]
[Date "2008.02.23"]
[Round "4.49"]
[White "Lucea Valero Alejandro"]
[Black "Luis Vitalla Fernando"]
[Result "*"]
[WhiteElo "1965"]
[BlackElo "2199"]

1.d4 d5 2.c4 c6 3.Nc3 Nf6 4.Bg5 Ne4 5.Nxe4 dxe4 6.g3 g6 7.h4 Bg7 8.e3 Qa5+ 9.
Ke2 Bg4+ 10.f3 exf3+ 11.Kf2 f6 12.Bf4 e5 13.dxe5 fxe5 14.Bg5 h6 15.Qd6 hxg5
16.Qxg6+ Kf8 17.Qd6+ Kf7 18.Nh3 Rd8 19.Nxg5+ Kg8 20.Qg6 *

[Event "Campeonato de Aragón por Equipos 2008 "]
[Site "Aragón"]
[Date "2008.02.23"]
[Round "4.50"]
[White "Gella Lopez Angel"]
[Black "Gavin Roche Enrique"]
[Result "0-1"]
[WhiteElo "2094"]
[BlackElo "1952"]

1.d4 d5 2.c4 e6 3.Nc3 Nf6 4.Bg5 Be7 5.cxd5 exd5 6.e3 c6 7.Qc2 Nbd7 8.Bd3 h6 9.
Bh4 O-O 10.Nge2 b6 11.O-O Bb7 12.f3 c5 13.Bf2 Re8 14.Ng3 Rc8 15.Rfe1 a6 16.
Rad1 b5 17.Qd2 b4 18.Nce2 c4 19.Bf5 Qa5 20.e4 dxe4 21.fxe4 Rc7 22.e5 Nd5 23.
Ne4 c3 24.bxc3 bxc3 25.Qd3 Nb4 26.Qh3 c2 27.Ra1 Nxe5 28.dxe5 Bxe4 29.Bxe4 Qxe5
30.Qf5 Qxf5 31.Bxf5 Bf6 32.Rac1 Bb2 33.Kf1 Bxc1 34.Rxc1 g6 35.a3 gxf5 36.axb4
Rc4 37.Nd4 Rd8 38.Nxc2 Rdc8 39.Bc5 a5 40.Ra1 axb4 41.Bxb4 Rxc2 42.Ra5 Rb8 43.
Be1 Re8 44.Ra1 Kh7 45.Rd1 Kg6 46.Bg3 Rec8 47.Bf4 h5 48.h4 Re8 49.g3 Ree2 50.
Rd6+ Kh7 51.Rh6+ Kg7 52.Rd6 Ra2 53.Rd1 Rh2 54.Kg1 Rag2+ 55.Kf1 Rh1+ 56.Kxg2
Rxd1 57.Kf3 Rd3+ 58.Ke2 Ra3 59.Kf2 Kf6 60.Bg5+ Ke6 61.Bh6 Kd5 62.Bg5 Ke4 63.
Kg2 Ra2+ 64.Kh3 Kf3 65.Bf4 Ra1 66.Kh2 Kg4 67.Kg2 Ra2+ 68.Kg1 Kh3 69.Kf1 Rg2
70.Be5 Rxg3 0-1